MARC

LEADER 00000nam0a2200000 4500
001 254883
005 20231101232957.0
010 |a 5229005807 
035 |a (RuTPU)RU\TPU\book\277385 
090 |a 254883 
100 |a 20140325d1989 k y0rusy50 ca 
101 0 |a rus 
102 |a RU 
105 |a a z 001zy 
200 1 |a Непрерывная разливка стали  |e тематический сборник научных трудов  |f Центральный научно-исследовательский институт чёрной металлургии им. И. П. Бардина (ЦНИИчермет) ; под ред. В. М. Паршина 
210 |a Москва  |c Металлургия  |d 1989 
215 |a 137 с.  |c ил. 
320 |a Библиогр. в конце ст. 
606 1 |a Слитки  |x Формирование  |x Влияние внешних факторов  |2 stltpush  |3 (RuTPU)RU\TPU\subj\55180  |9 73240 
610 1 |a сталь 
610 1 |a разливка 
610 1 |a литье 
610 1 |a автоматизированное проектирование 
610 1 |a процессы 
610 1 |a моделирование 
610 1 |a факторы 
610 1 |a внешние факторы 
610 1 |a влияние 
675 |a 621.746.5.047  |v 3 
702 1 |a Паршин  |b В. М.  |4 340 
712 0 2 |a Центральный научно-исследовательский институт чёрной металлургии им. И. П. Бардина (ЦНИИчермет)  |c (Москва)  |2 stltpush  |3 (RuTPU)RU\TPU\col\16609 
801 1 |a RU  |b 63413507  |c 20140325 
801 2 |a RU  |b 63413507  |c 20141028  |g RCR 
942 |c BK